书目信息 |
| 题名: |
临床微生物学手册
|
|
| 作者: | 默里 ;徐建国 译 | |
| 分册: | 下册 | |
| 出版信息: | 北京 科学出版社 2005 |
|
| 页数: | ||
| 开本: | 26cm | |
| 丛书名: | ||
| 单 册: | ||
| 中图分类: | R37-33 | |
| 科图分类: | ||
| 主题词: | 医药学:微生物学 | |
| 电子资源: | ||
| ISBN: | 7-03-014011-7 | |
| 000 | 00597nam0 2200193 450 | |
| 001 | 0741144344 | |
| 005 | 20070817112544.34 | |
| 010 | @a7-03-014011-7@b精装@d¥175.00 | |
| 100 | @a20070817d km y0chiy0120 ea | |
| 101 | 0 | @achi |
| 200 | 1 | @a临床微生物学手册@Alin chuang wei sheng wu xue shou ce@h下册@f(美)默里等@F(mei)mo li deng@g徐建国等译@Gxu jian guo deng yi |
| 210 | @a北京@c科学出版社@d2005 | |
| 215 | @d26cm | |
| 606 | 0 | @a医药学:微生物学 |
| 690 | @aR37-33@v3 | |
| 701 | 0 | @a默里@Amo li |
| 702 | 0 | @a徐建国@Axu jian guo@4译 |
| 801 | 0 | @aCN@bPFT@c20070817 |
| 905 | @a213230@dR37-33@en3:2@f1 | |
| 临床微生物学手册.下册/(美)默里等/徐建国等译.-北京:科学出版社,2005 |
| 26cm |
| ISBN 7-03-014011-7(精装):¥175.00 |
| ● |
| 相关链接 |
|
|
|
|
正题名:临床微生物学手册
索取号:R37-33/n3:2
 
预约/预借
| 序号 | 登录号 | 条形码 | 馆藏地/架位号 | 状态 | 备注 |
| 1 | 6601348 | 266013486 | 密集书库-生命科学系/ [索取号:R37-33/n3:2] | 在馆 |